书目信息 |
| 题名: |
经济学方法
|
|
| 作者: | 王小卫 , 宋澄宇 编 | |
| 分册: | ||
| 出版信息: | 上海 复旦大学出版社 2006 |
|
| 页数: | 212页 | |
| 开本: | 23cm | |
| 丛书名: | ||
| 单 册: | ||
| 中图分类: | F011-53 | |
| 科图分类: | ||
| 主题词: | 经济学--方法论--文集 , 经济学 , 方法论 | |
| 电子资源: | ||
| ISBN: | 7-309-04892-X | |
| 000 | 01046nam0 2200277 450 | |
| 001 | 012007382754 | |
| 005 | 20070515144708.84 | |
| 010 | @a7-309-04892-X@dCNY25.00 | |
| 100 | @a20070427d2006 km y0chiy0120 ea | |
| 101 | 0 | @achi |
| 102 | @aCN@b310000 | |
| 105 | @ay z 000yy | |
| 106 | @ar | |
| 200 | 1 | @a经济学方法@Ajing ji xue fang fa@e十一位经济学家的观点@f王小卫,宋澄宇编@Fwang xiao wei,song cheng yu bian |
| 210 | @a上海@c复旦大学出版社@d2006 | |
| 215 | @a212页@d23cm | |
| 330 | @a本书收集了十一位经济学家的15篇讨论经济学方法论与经济学教育问题的代表性文章,文章包括《现代经济学的分析框架》、《经济学研究方法与中国经济学科发展》、《中国经济学何处去》、《经济学、经济学家与经济学教育》等等。 | |
| 517 | 1 | @a十一位经济学家的观点@Ashi yi wei jing ji xue jia de guan dian |
| 606 | 0 | @a经济学@x方法论@j文集 |
| 606 | 0 | @a经济学 |
| 606 | 0 | @a方法论 |
| 690 | @aF011-53@v4 | |
| 701 | 0 | @a王小卫@Awang xiao wei@f(1970~)@4编 |
| 701 | 0 | @a宋澄宇@Asong cheng yu@f(1966~)@4编 |
| 801 | 0 | @aCN@bRULIN@c20070515 |
| 905 | @dF011-53@e276@s5 | |
| 经济学方法:十一位经济学家的观点/王小卫,宋澄宇编.-上海:复旦大学出版社,2006 |
| 212页;23cm |
| ISBN 7-309-04892-X:CNY25.00 |
| 本书收集了十一位经济学家的15篇讨论经济学方法论与经济学教育问题的代表性文章,文章包括《现代经济学的分析框架》、《经济学研究方法与中国经济学科发展》、《中国经济学何处去》、《经济学、经济学家与经济学教育》等等。 |
| ● |
| 相关链接 |
|
|
|
|
正题名:经济学方法
索取号:F011-53/276
 
预约/预借
| 序号 | 登录号 | 条形码 | 馆藏地/架位号 | 状态 | 备注 |
| 1 | 0571377 | 205713771 | 第一样本阅览室/ [索取号:F011-53/276] | 在馆 | |
| 2 | 0571378 | 205713780 | 第一借阅区/ [索取号:F011-53/276] | 在馆 | |
| 3 | 0571379 | 205713799 | 第一借阅区/ [索取号:F011-53/276] | 在馆 | |
| 4 | 0571380 | 205713806 | 第一借阅区/ [索取号:F011-53/276] | 在馆 | |
| 5 | 0571381 | 205713815 | 第一借阅区/ [索取号:F011-53/276] | 在馆 |